LEADER 00938cam0 2200241 450 001 E600200022933 005 20071026095814.0 100 $a20061120d2007 |||||ita|0103 ba 101 $aita 102 $aIT 200 1 $aAspetti della didattica e dell'apprendimento delle lingue straniere$fContributi dei collaboratori del Centro Linguistico dell'Università di Trieste$gcur. Christopher Taylor 210 $aTrieste$cUniversità degli Studi di Trieste$d2007 215 $a242 p.$d24 cm 702 1$aTaylor, Christopher$3AF00012636$4070 801 0$aIT$bUNISOB$c20071026$gRICA 850 $aUNISOB 852 $aUNISOB$j400$m136236 912 $aE600200022933 940 $aM 102 Monografia moderna SBN 941 $aM 957 $a400$b000025$gSi$d136236$rdono$1pomicino$2UNISOB$3UNISOB$420061120110147.0$520150319164542.0$6Alfano 996 $aAspetti della didattica e dell'apprendimento delle lingue straniere$9251945 997 $aUNISOB LEADER 01693oam 2200433 a 450 001 9910695508603321 005 20070308100415.0 035 $a(CKB)5470000002371689 035 $a(OCoLC)77561273 035 $a(EXLCZ)995470000002371689 100 $a20070109d2006 ua 0 101 0 $aeng 135 $aurbn|---||||| 181 $ctxt$2rdacontent 182 $cc$2rdamedia 183 $acr$2rdacarrier 200 00$aCollaborative capacity, problem framing, and mutual trust in addressing the wildland fire social problem$b[electronic resource] $ean annotated reading list /$fJeffrey J. Brooks ... [and others] 210 1$aFort Collins, CO :$cU.S. Dept. of Agriculture, Forest Service, Rocky Mountain Research Station,$d[2006] 215 $aiii, 27 pages $cdigital, PDF file 225 1 $aGeneral technical report RMRS ;$vGTR-182 300 $aTitle from web site viewed Jan. 9, 2007. 300 $a"November 2006." 320 $aIncludes bibliographical references. 517 $aCollaborative capacity, problem framing, and mutual trust in addressing the wildland fire social problem 606 $aWildfires$vBibliography 606 $aWildfires$xSocial aspects$vBibliography 608 $aBibliographies.$2lcgft 615 0$aWildfires 615 0$aWildfires$xSocial aspects 701 $aBrooks$b Jeffrey J$0129178 712 02$aRocky Mountain Research Station (Fort Collins, Colo.) 801 0$bAGL 801 1$bAGL 801 2$bAGL 801 2$bGPO 906 $aBOOK 912 $a9910695508603321 996 $aCollaborative capacity, problem framing, and mutual trust in addressing the wildland fire social problem$93539367 997 $aUNINA